| 000 | 00440nam a2200181Ia 4500 | ||
|---|---|---|---|
| 001 | 25178 | ||
| 005 | 20260414151132.0 | ||
| 008 | 260414t1981||||xx |||||||||||||| ||spa|| | ||
| 041 | _aESP | ||
| 082 |
_a346.3 _bL22 T. 1 |
||
| 100 |
_aLanatta, Rómulo E. _eAUT |
||
| 245 | 0 |
_aDerecho de sucesiones : _bparte general |
|
| 260 | _c1981 | ||
| 300 |
_a329 páginas : _c24 cm. |
||
| 650 | _aDER | ||
| 654 | _aCDE | ||
| 942 |
_cLIB _dJUS _fJUS _2ddc _n |
||
| 999 |
_c25178 _d25178 |
||